| 000 | 00925nac a22002771i 4500 | ||
|---|---|---|---|
| 003 | EG-ScBUE | ||
| 005 | 20240822093655.0 | ||
| 008 | 240822t1974 caua f 000 0 eng d | ||
| 020 | _a0030029619 | ||
| 040 |
_aEG-ScBUE _beng _erda _cEG-ScBUE _dEG-ScBUE |
||
| 082 | 0 | 4 |
_a510 _bCRO _222 |
| 100 | 1 |
_aCrowdis, David G., _eauthor. |
|
| 245 | 1 | 0 |
_aFinite mathematics / _cDavid G. Crowdis, Susanne M. Shelley, Brandon W. Wheeler, Sacramento City College. |
| 264 | 1 |
_aSan Francisco : _bRinehart Press, _c[1974] |
|
| 264 | 4 | _cc1974 | |
| 300 |
_aix, 417 pages : _billustrations ; _c24 cm |
||
| 336 |
_2rdacontent _atext _btxt |
||
| 337 |
_aunmediated _2rdamedia _bn |
||
| 338 |
_avolume _bnc _2rdacarrier |
||
| 650 | 7 |
_aMathematics. _2BUEsh |
|
| 655 | _vReading book | ||
| 700 | 1 |
_aShelley, Susanne M., _eauthor. |
|
| 700 | 1 |
_aWheeler, Brandon W., _eauthor. |
|
| 942 |
_cBB _2ddc |
||
| 999 |
_c1755 _d1755 |
||